000 00227nam a22001097a 4500
041 _aeng
080 _a80
100 _aBrien, A., Brien, S.
245 _aSchauplatz. Teachers Resource Book.
650 _aGerman
999 _c281176
_d281176
942 _cBK